[Event "GER-ch 76th"]
[Site "Altenkirchen"]
[Date "2005.02.25"]
[Round "8"]
[White "Sprenger, Jan Michael"]
[Black "Bischoff, Klaus"]
[Result "1-0"]
[WhiteElo "2491"]
[BlackElo "2555"]
[Annotator "Gofshtein,L"]
[PlyCount "63"]
[EventDate "2005.02.18"]
[EventType "swiss"]
[EventRounds "9"]
[EventCountry "GER"]
[SourceTitle "CBM 106"]
[Source "ChessBase"]
[SourceDate "2005.06.06"]
[SourceVersion "1"]
[SourceVersionDate "2005.06.06"]
[SourceQuality "1"]

1. e4 c5 2. Nf3 e6 3. d4 cxd4 4. Nxd4 Nc6 5. Nc3 d6 6. Be3 a6 7. Qd2 Bd7 8.
O-O-O {8.f3 was also played as in the game given below where white seized the
initiative} (8. f3 Nge7 9. Nb3 $5 Nc8 10. a4 Be7 11. Be2 O-O 12. O-O Qc7 13. f4
b6 14. Rad1 Rd8 15. Kh1 Be8 16. f5 $36 {0-1 De la Villa Garcia,J-Yudasin,L/
Pamplona 1991/CBM 028 (35)}) 8... Rc8 (8... Nge7 $5 {Is a possible alternative.
In this case as the tournament practice shows black recieves a fine counterplay
} 9. Nxc6 (9. Nb3 Nc8 10. f4 Qc7 11. Kb1 b5 {1/2-1/2 Fercec,N-Cabrilo,G/
Jahorina BIH 2003/The Week in Chess 451 (11)}) (9. h4 b5 10. h5 h6 11. Nf3 Nc8
12. g4 Qa5 13. Kb1 Rb8 14. g5 Nb6 15. Ka1 Na4 $132 {1/2-1/2 Adams,M-Boensch,U/
Terrassa 1991/CBM 24 (18)}) 9... Nxc6 10. Na4 b5 11. Nb6 Rb8 12. Nxd7 Qxd7 13.
Bf4 (13. Bc5 Rd8 14. Bb6 Rc8 15. Bc5 Rd8 16. Bb6 Rc8 17. Bc5 {1/2-1/2 De la
Villa Garcia,J-Gofshtein,L/Montpellier 2000/EXT 2001 (17)}) 13... e5 14. Bg5
Qe6 15. Kb1 Be7 16. h4 O-O $132 {1/2-1/2 Luther,T-Bischoff,K/Halkidiki 2002/
CBM 92 (23)}) 9. Kb1 {A profilactic move. An immideate 9.f4 deserved attention
trying to activize the pieces at once} (9. f3 Qc7 10. Kb1 Nxd4 11. Bxd4 b5 12.
Bd3 Ne7 13. Rhe1 Qb7 14. f4 b4 15. Ne2 Nc6 16. f5 e5 17. Be3 Be7 18. Ng3 $36 {
0-1 Tirard,H-Bischoff,K/France 2003/CBM 095 (47)}) (9. f4 $5 b5 10. Nf3 $5 Nf6
(10... Qa5 $5 11. Kb1 b4 12. Ne2 Nf6 $13) 11. e5 dxe5 12. fxe5 b4 (12... Nd5
13. Nxd5 exd5 14. Bd3 Be6 15. Kb1 $13) 13. Na4 (13. exf6 $6 bxc3 14. Qxc3 Nb4
15. fxg7 Nxa2+ 16. Kd2 Bb5+ 17. Bd4 Bxg7 18. Bxb5+ axb5 19. Qe3 Nb4 $15) 13...
Nd5 14. Nb6 {0-1 Gelfand,B-Polgar,J/Pacs 2003/CBM 096/[} (14. Bb6 $5 Rc7 15.
Kb1 {kam auch in Frage.})) 9... b5 10. Nxc6 {A typical move for this kind of
position. White exchanges the knights and frees the d4 square for the other
knight} Bxc6 11. f3 Nf6 12. g4 {White starts a typical offense on the kingside.
12.Ne2 was also possible as was played in the game given below} (12. Ne2 $5 Be7
13. Nd4 Bb7 14. g4 Nd7 15. Be2 O-O 16. h4 Ne5 17. b3 d5 18. f4 Nc6 19. e5 {
1-0 Vallejo Pons,F-Bischoff,K/Mainz 2003/CBM 095 ext (35)}) 12... Nd7 13. g5
Ne5 {[%cal Re5c4,Re5f3] 13...b4 deserved attention with a further d6-d5 trying
to organize some counterplay} (13... b4 $5 14. Ne2 d5 15. Nd4 Bb7 $132 16. Bd3)
14. f4 Nd7 $6 {A lack of determination. Black looses time and white seizes the
initiative. It was essential to play 14...b4 and as the variations show black
seizes the initiative} (14... b4 $5 15. Nd5 (15. fxe5 bxc3 $132) 15... exd5 16.
fxe5 dxe5 (16... dxe4 17. exd6 $16) 17. exd5 Ba4 18. Bd3 Qxd5 19. Bxa6 Qxd2 20.
Rxd2 Rc6 $132) 15. Bg2 {[%cal Rg2e4] Developing the bishop and defending at
the same time the pawn e4} Be7 16. h4 Qc7 17. h5 $36 {White conquers space on
the kingside, strengthening the pressure on the black king} b4 18. Ne2 Qb7 19.
Ng3 Rg8 {Because of the insecure position of his king black as the variations
show has serious problems} (19... Nc5 20. h6 g6 21. Rh2 $16 {[%csl Re8]}) (
19... f5 20. gxf6 Nxf6 21. h6 g6 22. Bd4 O-O 23. Bh3 $36) (19... O-O 20. g6 $1
fxg6 21. hxg6 hxg6 (21... h6 22. f5 $40) 22. Bf3 {[%cal Rd2h2,Gf3g4]}) 20. g6
$1 $16 {[%mdl 128] White carries out a typical plan of attack - firstly to
destroy the pawn structure near the black king} hxg6 21. hxg6 f5 {Of course,
21...fg is dangerous in view of 22.Bh3 with a strong attack} (21... fxg6 22.
Bh3 $1 {[%cal Gh3e6]} Bxe4 23. Nxe4 Qxe4 24. Rhe1 Rf8 25. Bd4 Qxf4 26. Qd3 $36)
22. Rh2 {[%cal Rh2g2,Rh2h7] Protecting the bishop and forcing black to open
the position} fxe4 23. Bh3 $40 {[%cal Rh3e6]} Bd5 24. f5 Ne5 25. fxe6 {[%cal
Rg3f5]} Nf3 {Closing the f-file and not letting white to activize his forces}
26. Qf2 {[%cal Rg3f5]} Bh4 {Black tries to restrict the white pieces} (26...
Qb5 27. Nf5) 27. Bg4 Rf8 $2 {A big mistake, after which white could have won
immideatly. 27...Nh2 was more stubborn} (27... Nxh2 28. Qxh2 Bxg3 29. Qxg3 Qc6
30. Qf2 Rc7 31. Qd2 Bc4 32. Bf4 $36) 28. Rxh4 {White misses the win. After 28.
e7 he wins easily} (28. e7 $1 Bxe7 (28... Kxe7 29. Bxc8 Nxh2 30. Nf5+ Rxf5 31.
Qxh4+ $18) 29. Bxc8 Nxh2 30. Bxb7 Rxf2 31. Rxd5 Rf3 32. Bc6+ $18 Kd8 33. Bb6+
Kc8 34. Rh5) 28... Nxh4 29. Qd2 $1 {[%cal Rd2d5,Re6e7] White has created two
threats. One is 30.e7, the other one is 30.Qd5} Qc6 (29... Rc3 $5 30. Ka1 Nf3 (
30... Rxe3 31. Qxe3) 31. Bxf3 Rxf3 32. Nxe4 Bxe4 33. Qxd6 $18) 30. e7 $18 Rf3 (
30... Kxe7 31. Bxc8 Rxc8 32. Bg5+) 31. Bxf3 Nxf3 32. Qxd5 (32. Qxd5 Qxc2+ 33.
Ka1 $18) 1-0

[Event "Harplinge"]
[Site "Harplinge"]
[Date "1998.08.15"]
[Round "1"]
[White "Lautier, Joel"]
[Black "Hall, Jesper"]
[Result "1-0"]
[WhiteElo "2625"]
[BlackElo "2485"]
[Annotator "Gofshtein,L"]
[PlyCount "79"]
[EventDate "1998.08.15"]
[EventType "tourn"]
[EventRounds "9"]
[EventCountry "SWE"]
[EventCategory "12"]
[SourceTitle "CBM 067"]
[Source "ChessBase"]
[SourceDate "1998.11.30"]
[SourceVersion "2"]
[SourceVersionDate "1998.11.01"]
[SourceQuality "1"]

1. e4 c5 2. Nf3 e6 3. d4 cxd4 4. Nxd4 Nc6 5. Nc3 d6 6. g4 a6 (6... h6 7. h4 a6)
7. Be3 Nge7 8. f4 (8. Nb3 Ng6 $5 9. f4 $140 Be7) 8... b5 (8... Nxd4 9. Bxd4 (9.
Qxd4 e5 10. fxe5 Nc6 $13) 9... Nc6 10. Be3 Be7 11. Qd2 (11. g5 $6 h6 $1 $44)
11... Bh4+ 12. Bf2 $14) 9. Nb3 Bb7 10. Qe2 (10. Qd2 Na5 11. Nxa5 Qxa5 12. Bg2
b4 13. Ne2 Ng6 $13) 10... Na5 11. Nxa5 Qxa5 12. Bg2 b4 (12... Ng6 13. Qf2 $1
$16) 13. Nd1 d5 (13... Ng6 14. O-O Be7 15. f5 $16) 14. Nf2 (14. e5 h5 $132)
14... dxe4 15. Bxe4 Bxe4 $6 (15... Nd5 $142 $132) 16. Nxe4 Nd5 17. f5 Nxe3 $2 (
17... Be7 18. fxe6 O-O 19. exf7+ Rxf7 $44) 18. Qxe3 Qe5 (18... b3+ 19. c3 Be7
20. O-O bxa2 21. fxe6 O-O 22. exf7+ Rxf7 23. Rxf7 Kxf7 24. Qf3+ $16) (18... Be7
$142 19. fxe6 O-O 20. O-O fxe6 $14) 19. fxe6 Qxe6 (19... fxe6 20. O-O Qxb2 21.
Qb6 $16) 20. O-O-O Be7 21. Nd6+ Bxd6 22. Qxe6+ fxe6 23. Rxd6 O-O (23... Ke7 24.
Rhd1 Ra7 (24... Rhd8 25. Rxd8 Rxd8 26. Rxd8 Kxd8 27. Kd2 Kd7 28. c3 $18) 25.
Rb6 a5 26. Re1 $16) 24. Rxe6 Rf2 25. Rd6 Re8 $6 (25... Rc8 $142 26. Rd2 Rf4 27.
h3 h6) 26. Rd2 Ree2 $2 (26... Rf4 27. h3 h6) 27. Rxe2 Rxe2 28. h3 h6 29. b3 $2
(29. Kd1 $142 Rg2 (29... Re3 30. Kd2 Rg3 31. Ke2 Rg2+ 32. Kd3 $18) 30. Re1 Rg3
31. Re4 a5 32. h4 $16) 29... Re3 30. Kb2 (30. Kd2 Rg3 31. Ke2 Rc3) 30... Kh7
31. a4 (31. a3 $142 a5 32. axb4 axb4 33. Rd1 Rxh3 34. Rd4 Rh4 35. Rc4 $22 g5
36. Rxb4 h5 37. Rb7+ Kg6 38. Rb6+ Kg7 39. gxh5 Rxh5 $16) 31... a5 32. Rd1 Rxh3
33. Rd5 Rg3 34. Rxa5 Rxg4 35. Rb5 (35. Rc5 $142 $5 $14) 35... Rf4 36. a5 g5 37.
a6 Rf6 $4 (37... Rf8 $1 $11) 38. Rb7+ Kg6 39. a7 Ra6 40. Rb6+ 1-0

[Event "Olomouc AZ Sanace Cup"]
[Site "Olomouc"]
[Date "1998.08.15"]
[Round "8"]
[White "Betko, Lubomir"]
[Black "Mirumian, Vigen"]
[Result "0-1"]
[WhiteElo "2300"]
[BlackElo "2470"]
[Annotator "Gofshtein,L"]
[PlyCount "52"]
[EventDate "1998.08.08"]
[EventType "tourn"]
[EventRounds "9"]
[EventCountry "CZE"]
[EventCategory "10"]
[SourceTitle "CBM 067"]
[Source "ChessBase"]
[SourceDate "1998.11.30"]
[SourceVersion "2"]
[SourceVersionDate "1998.11.01"]
[SourceQuality "1"]

1. e4 c5 2. Nf3 e6 3. d4 cxd4 4. Nxd4 a6 5. Nc3 d6 6. g4 Ne7 7. Bg2 (7. f4 $5)
7... Nec6 8. Nb3 (8. Be3 Nxd4 9. Qxd4 Nc6 10. Qd2 b5) 8... b5 9. Be3 Bb7 10. g5
Nd7 11. f4 Be7 12. Qg4 (12. O-O $5 h6 13. g6 $13) (12. Qe2 $142 Na5 13. O-O-O)
12... Na5 13. Nxa5 $6 (13. O-O-O $5 Nc4 14. Bf2 $13) 13... Qxa5 14. O-O O-O 15.
a3 $6 (15. Nd5 Qd8 (15... Bd8 16. b4 Qa3 17. Bd4 $16) 16. Nxe7+ Qxe7 17. Rae1
Rac8 18. c3 Rc4 19. Bd2 Nc5 20. b3 Rxe4 21. Bxe4 Nxe4 $15) (15. f5 $5 Ne5 16.
Qh3 b4 17. Ne2 exf5 18. exf5 Bxg2 19. Qxg2 $13) 15... Rfe8 16. Rad1 Bf8 17. Rd3
Rac8 $15 18. Bd2 $6 (18. Bf2 $142) 18... Qb6+ 19. Kh1 (19. Be3 Qc7) 19... g6
20. Rh3 Bg7 21. f5 $2 (21. Qh4 Nf8 22. Qe1 $15) 21... exf5 22. Qh4 $2 (22. exf5
Rc4 23. Qg3 Be5 24. Qf2 $17) 22... Nf8 23. exf5 Bxg2+ 24. Kxg2 Qb7+ 25. Rhf3 (
25. Kg1 Rc4) 25... gxf5 26. Qf4 $4 (26. Kg1 $142 $17) 26... Ng6 0-1

[Event "Rostov on Don FIDE GP (Women)"]
[Site "Rostov on Don"]
[Date "2011.08.03"]
[Round "2"]
[White "Hou, Yifan"]
[Black "Galliamova, Alisa"]
[Result "1-0"]
[WhiteElo "2575"]
[BlackElo "2492"]
[Annotator "Hou,Yifan"]
[PlyCount "71"]
[EventDate "2011.08.02"]
[EventType "tourn"]
[EventRounds "11"]
[EventCountry "RUS"]
[EventCategory "12"]
[SourceTitle "CBM 144"]
[Source "ChessBase"]
[SourceDate "2011.09.16"]
[SourceVersion "1"]
[SourceVersionDate "2011.09.16"]
[SourceQuality "1"]

{This was the second time I was taking part in a FIDE Women's Grand-prix, also
this is the second game of this tournament. My opponent Alisa is from Russia.
We had met each other twice before. I had been victorious in both these games 
(both were played in 2007, Russian league and North Urals Cup).} 1. e4 c5 2.
Nf3 e6 $5 ({A little surprise for me! Usually Alisa plays} 2... Nc6 {, we used
this line when playing against each other in 2007 in North Urals Cup.}) 3. d4
cxd4 4. Nxd4 a6 5. Nc3 ({In this variation I played a lot of} 5. Bd3 {, so I
guessed she must have good home preparation in this line, so I decided to play
another main line.}) 5... d6 6. Be2 b5 7. a3 ({I used 10 minutes here to think,
then I decided to prevent ...b4 first. In my mind this position will return to
a normal Scheveningen form. Another game continued:} 7. Bf3 Bb7 8. e5 Bxf3 9.
Qxf3 d5 10. Qg3 Ne7 11. Bg5 h6 12. Bxe7 Qxe7 13. f4 g6 14. O-O-O Nd7 15. h4 h5
16. f5 gxf5 17. Nxf5 Qc5 18. Nxd5 exd5 19. e6 fxe6 20. Qg6+ Kd8 21. Nd4 Kc8 22.
Nxe6 Bh6+ 23. Kb1 Qc6 24. Qf5 Ra7 25. Rxd5 Re8 26. Nc5 Bf8 27. b4 Qf6 28. Qxh5
Rd8 29. Ne4 Qc6 30. a3 Rc7 31. Rc1 Kb8 32. Qd1 Rdc8 33. Nd6 Nb6 34. Rd3 Bxd6
35. Rxd6 Qb7 36. c3 Nc4 37. Rd4 Qxg2 {0-1 Nijboer,F (2578)-Caruana,F (2598)/
Wijk aan Zee NED 2008/The Week in Chess 690}) 7... Bb7 8. f4 Nf6 9. Bf3 d5 $6 (
{I felt very happy when I saw this move; the opening of the centre is
definitely better for White. Here just playing} 9... Qc7 10. O-O Nbd7 11. Kh1
Be7 {leads back to a modern Scheveningen form.}) 10. exd5 Nxd5 11. Nxd5 Bxd5
12. Be3 {When I took on d5 I just calculated to this position: now we can see
most of Black's pieces are on the back rank, and it is difficult for her to
come out quickly. But White's plan is clear: Qe2, 0-0-0 and an attack on
Black's king which is still in the centre.} Qd7 {After a long think, Alisa
found the best choice for this position.} ({If} 12... Be7 13. Nf5 ({The
seductive way:} 13. f5 O-O 14. fxe6 fxe6 15. O-O (15. Nxe6 Bh4+) 15... Bc5 $1 {
White is slightly better}) 13... O-O 14. Bxd5 exd5 15. Qf3 g6 16. Nxe7+ Qxe7
17. O-O-O Qe4 18. Rhf1 $5 (18. Rxd5 Qxf3 19. gxf3 Nc6 20. Rhd1) 18... Rc8 19.
Rd2 Re8 20. Qxe4 dxe4 21. Rd6 Rc8 22. f5 {White has a huge advantage.}) 13. Qe2
{The easy way.} ({But} 13. f5 $1 {is better:} Nc6 14. fxe6 fxe6 15. Nxc6 {
this move is what I missed} ({I only considered} 15. Bxd5 Qxd5 16. Nxc6 Qxg2 $1
) 15... Qxc6 16. Bxd5 Qxd5 17. Qxd5 exd5 18. O-O O-O-O 19. Bd4 Rd7 20. b4 {
White controls almost all the files and has a solid advantage, but maybe not
enough to win.}) 13... Nc6 $6 {After this move, Alisa does not have any more
chances to hold her position.} ({The best choice here is} 13... Be7 $5 14.
O-O-O O-O 15. Nf5 Re8 (15... Bf6 16. Bxd5 exd5 17. Qd3 g6 18. Nh6+ Kg7 19. f5 {
with a strong attack}) 16. Bd4 Bf8 17. Bxd5 exd5 18. Qh5 f6 19. Ne3 {which is
much better for White.}) 14. O-O-O {At this point I realised my position was
much better: her king is still in the centre, my rook on the d-file is aiming
towards her queen; now White just needs to push f5, and as soon as the centre
opens Black will resign!} Rc8 ({During the game I thought maybe Alisa could
manage to castle to the queenside, for example} 14... Nxd4 15. Bxd4 O-O-O 16.
Bxd5 exd5 17. Kb1) (14... Ne7 15. Rhe1 O-O-O 16. f5 e5 17. Nb3 Bxf3 18. Qxf3
Qc6 19. Qh5 {Both variations are winning for White.}) ({But Black also can not
move bishop on f8, if} 14... Be7 {then} 15. Nxc6 Qxc6 16. Bxd5 exd5 17. Bd4 {
with a strong attack.}) 15. f5 Nxd4 (15... Bxf3 16. Nxf3 $1 {is almost winning
for White.} (16. gxf3 Bd6)) 16. Bxd4 Bxf3 17. gxf3 Qc6 18. Rhe1 {My first idea,
all looks normal.} ({Here the computer found a stronger way:} 18. Rd3 $1 Qc4
19. Kb1 Rd8 20. Qe3 Qc6 21. Rhd1 {All the pieces are attacking the centre, and
White has no weakness, but Black's rook and bishop are on their starting
square, they have never moved!}) 18... Qc4 (18... b4 19. fxe6 fxe6 20. axb4
Bxb4 21. Qxe6+ Qxe6 22. Rxe6+ Kf7 23. Rxa6) (18... Be7 19. Bxg7 Rg8 20. Bc3
Bxa3 21. Kb1 $1 {Avoiding a trap!} ({During the game I thought of} 21. fxe6 $2
Qxc3 22. exf7+ Kxf7 23. Rd7+ Kf8 $1 {which I missed!! After this move the
position is better for Black!}) 21... b4 22. Be5 {winning for White.}) 19. fxe6
$6 {A misunderstanding, of course White should keep her queen on the board:} (
19. Qg2 $1 Bc5 (19... Rg8 20. fxe6 fxe6 21. Kb1 Be7 22. Re4 Rd8 23. Rd3) 20.
Bc3 {White is winning.}) 19... Qxe2 20. Rxe2 Ke7 ({Alisa should have played} 
20... Rc6 $1 21. e7 Bxe7 22. Rde1 Re6 23. Rxe6 fxe6 24. Rxe6 Rf8 25. Bxg7 Rxf3
26. Rxa6 {which is still winning for White.}) 21. exf7+ $6 {After a long
period of thought, I also did not find the best choice:} (21. Bf2 $1 fxe6 22.
Bh4+ Kf7 23. Rd7+ Kg8 24. Rxe6 {and contrary to the game, we find that Black
does not have enough time to push the h-pawn and then activate the h8-rook.}
Ra8 25. Bg5 h5 26. h4 $1 {Limiting the h8-rook, winning for White.}) ({The
combination here is unsuccessful:} 21. Bc5+ Rxc5 22. Rd7+ Kf6 (22... Ke8 23. e7
Rc8 24. exf8=N+ Kxf8 25. Ree7) 23. Rxf7+ Kg6 24. e7 Bxe7 25. Rexe7 Rg8 26. Ra7
{White gets a pawn up, but Black can still hold her position.}) 21... Kxf7 22.
Bb6 h5 {A dogged move, trying to create difficulties to me.} (22... Be7 23. Rd7
Rhe8 24. Ba5 Rc6 25. Bb4 Re6 26. Rxe6 Kxe6 27. Rxe7+ Rxe7 28. Bxe7 Kxe7 29. Kd2
{The pawn ending is winning for White.}) 23. Rd7+ Kg8 24. Bd4 h4 25. h3 Rh6 26.
Rg2 g6 $2 {The final mistake!} ({But there are no good suggestions, for example
} 26... Rcc6 27. Rd8 (27. Bxg7 Rhg6 28. Rxg6 Rxg6 29. Bxf8 Kxf8 30. Rh7 {
also wins}) 27... Rc7 28. Rg4 Rd6 29. Ra8 Rdc6 30. c3 Rc8 31. Rxc8 Rxc8 32. Rg6
{winning for White.}) 27. Be3 Rc6 28. Bxh6 Bxh6+ 29. Kd1 Bf4 30. Re2 Kf8 31.
Ree7 g5 32. c3 Rf6 33. Ke2 Bc1 34. Rh7 Kg8 35. Rdg7+ Kf8 36. Ra7 {I was really
delighted with my results in this tournament! Here I would like to express my
warm gratitude to FIDE and the Rostov region for holding such a top event!} 1-0